000 01103cad a22002055a 4500
001 E146661
008 090212e20081112xxk 000 0 eng d
035 _a(Sirsi) u146661
041 0 _aeng
110 2 _aRegisters of Scotland
_95601
245 0 0 _aAverage Scotland house price almost unchanged year on year as volumes of sales decline
_h[electronic resource]
260 _c2008
490 _aRegisters of Scotland News Release
_v12 November 2008
520 _aSuggests that the average house price in Scotland increased by 0.1% in the third quarter of 2008, when compared with the same period in 2007. When compared with the second quarter of 2008, the average price of a residential property in Scotland showed an increase of 2.9% in the third quarter of 2008. The average house price in Scotland for the third quarter of 2008 was £160 155.
590 _aKA
651 4 _aScotland
_y1999-
690 _aPROPERTY-RESIDENTIAL PROPERTY-RESIDENTIAL PROPERTY MARKET
856 4 0 _uhttps://www.ros.gov.uk/pdfs/2008_11_release.pdf
_zView the press release free of charge at www.ros.gov.uk
942 _n0
999 _c81229
_d81229